The meanest thing to say / (Record no. 7258)

MARC details
000 -LEADER
fixed length control field 01144nam a22003137a 4500
001 - CONTROL NUMBER
control field 7258
003 - CONTROL NUMBER IDENTIFIER
control field FISKH
005 - DATE AND TIME OF LATEST TRANSACTION
control field 20250708155957.0
008 - FIXED-LENGTH DATA ELEMENTS--GENERAL INFORMATION
fixed length control field 250704b cb ||||| |||| 00| 0 eng d
020 ## - INTERNATIONAL STANDARD BOOK NUMBER
International Standard Book Number 9780590956161
040 ## - CATALOGING SOURCE
Original cataloging agency FISKH
Language of cataloging eng
Transcribing agency FISKH
Modifying agency FISKH
050 ## - LIBRARY OF CONGRESS CALL NUMBER
Classification number PZ7.C8185 M
082 ## - DEWEY DECIMAL CLASSIFICATION NUMBER
Classification number 236
100 ## - MAIN ENTRY--PERSONAL NAME
Personal name Cosby, Bill
Dates associated with a name (1937-)
245 ## - TITLE STATEMENT
Title The meanest thing to say /
Statement of responsibility, etc. By Bill Cosby ; Illustrated by Varnette P.Honeywood
250 ## - EDITION STATEMENT
Edition statement This edition first published in 1997
260 ## - PUBLICATION, DISTRIBUTION, ETC.
Place of publication, distribution, etc. New York :
Name of publisher, distributor, etc. Scholastic,
Date of publication, distribution, etc. 1997
300 ## - PHYSICAL DESCRIPTION
Extent 28 unnumbered pages :
Other physical details color illustrations ;
Dimensions 23 cm
490 ## - SERIES STATEMENT
Series statement Little bill
Volume/sequential designation Book for beginning readers
505 ## - FORMATTED CONTENTS NOTE
Formatted contents note G<br/>
520 ## - SUMMARY, ETC.
Summary, etc. When a new boy in his second grade class tries to get the other students to play a game that involves saying the meanest things possible to one another, Little Bill shows him a better way to make friends.<br/>
521 8# - TARGET AUDIENCE NOTE
Target audience note 350<br/>
Source Lexile<br/>
521 8# - TARGET AUDIENCE NOTE
Target audience note G<br/>
Source Raz-Plus<br/>
650 ## - SUBJECT ADDED ENTRY--TOPICAL TERM
Source of heading or term Little Bill
Topical term or geographic name entry element Oprah's Book Club
650 ## - SUBJECT ADDED ENTRY--TOPICAL TERM
Source of heading or term African American
Topical term or geographic name entry element Level K
700 ## - ADDED ENTRY--PERSONAL NAME
Personal name P.Honeywood, Varnette
Dates associated with a name illustrator
942 ## - ADDED ENTRY ELEMENTS (KOHA)
Source of classification or shelving scheme Dewey Decimal Classification
Koha item type Books
Suppress in OPAC No
Holdings
Withdrawn status Lost status Source of classification or shelving scheme Damaged status Not for loan Collection Home library Current library Shelving location Date acquired Total Checkouts Full call number Barcode Date last seen Copy number Price effective from Koha item type
    Dewey Decimal Classification     Juvenile Fiction Footprints International School Library Network Toul Tom Poung Campus Footprints International School Library Network Toul Tom Poung Campus TTP Primary Green Bookshelves 07/04/2025   COS 236 PZ7.C8185 M 2025-1756 07/04/2025 1 07/04/2025 Books
    Dewey Decimal Classification     Juvenile Fiction Footprints International School Library Network Toul Tom Poung Campus Footprints International School Library Network Toul Tom Poung Campus TTP Primary Green Bookshelves 07/08/2025   COS 236 PZ7.C8185 M FISBK02796 07/08/2025 2 07/08/2025 Books
    Dewey Decimal Classification     Juvenile Fiction Footprints International School Library Network Toul Tom Poung Campus Footprints International School Library Network Toul Tom Poung Campus TTP Primary Green Bookshelves 01/13/2026   COS 236 PZ7.C8185 M 2026-0027 01/13/2026 3 01/13/2026 Books